Представление документа в формате MARC21

Поле Инд. ПП Название Значение
Тип записи a
Библиографический уровень m
001 Контрольный номер UNIDUBNA01e726f36d984785bacfacc056c4d473
005 Дата корректировки 20260423144210.1
008 Кодируемые данные 20260423
022 0_ a ISSN 0130-1640
084 a Индекс другой классификации/Индекс ББК 72
090 a Полочн. индекс 95.2
099 a Индекс 73010
245 10 a Заглавие Знание - сила
n Номер части/ раздела №4/2026
b Продолж. заглавия ежемесячный научно-популярный и научно-художественный журнал
c Ответственность учредитель: Т. А. Алексеева, Р. И. Котов; гл. ред. Н. В. Алексеева
260 c Дата издания 2026
b Издательство Знание - сила
a Место издания Москва
300 a Объем 128 с.
500 a Примечание Журнал
505 0_ a Форматированное содержание Гейзеры Энцелада
b Автор Ворфоломеев А.
n Доп. информация Фантастика
600 14 a Персоналии Август Октавиан (рим. император)
a Персоналии Гагарин Юрий Алексеевич
a Персоналии Гительзон Иосиф Исаевич
a Персоналии Жигарев Лев Викторович
a Персоналии Красовский Александр Аркадьевич
a Персоналии Молешотт Якоб
a Персоналии Похлебкин Вильям Васильевич
a Персоналии Реккевег Ганс-Генрих
a Персоналии Фейербах Людвиг
a Персоналии Шеннон Клод Эрвуд
a Персоналии Шимомура Осаму
a Персоналии Шорыгин Павел Полиевктович
650 04 a Основная рубрика наука
653 0_ a Ключевые слова "Унесенные призраками"
a Ключевые слова KATRIN (эксперимент)
a Ключевые слова австралопитеки
a Ключевые слова Амазония
a Ключевые слова амебы
a Ключевые слова антропология
a Ключевые слова археология
a Ключевые слова архивные материалы
a Ключевые слова астрономия
a Ключевые слова белковые корма
a Ключевые слова биология
a Ключевые слова Венера (планета)
a Ключевые слова вкус
a Ключевые слова вкусовые ощущения
a Ключевые слова вкусовые предпочтения
a Ключевые слова вода
a Ключевые слова генетические особенности
a Ключевые слова голод
a Ключевые слова городская среда
a Ключевые слова грибы
a Ключевые слова еда
a Ключевые слова качество воды
a Ключевые слова кишечная микробиота
a Ключевые слова когнитивные способности
a Ключевые слова космические исследования
a Ключевые слова космические полеты
a Ключевые слова космические станции
a Ключевые слова Красное море
a Ключевые слова кулинария
a Ключевые слова кулинарное искусство
a Ключевые слова кулинарные традиции
a Ключевые слова культура питания
a Ключевые слова Луна
a Ключевые слова лунные программы
a Ключевые слова Марс (планета)
a Ключевые слова межпланетные исследования
a Ключевые слова межпланетные полеты
a Ключевые слова Меркурий (планета)
a Ключевые слова микробиология
a Ключевые слова мозг
a Ключевые слова насекомые
a Ключевые слова научная фантастика
a Ключевые слова национальные кулинарные традиции
a Ключевые слова нейтронные звезды
a Ключевые слова отвращение
a Ключевые слова пища
a Ключевые слова птицы
a Ключевые слова Римская империя
a Ключевые слова Россия
a Ключевые слова рыбы
a Ключевые слова сверхновые звезды
a Ключевые слова светящиеся бактерии
a Ключевые слова светящиеся растения
a Ключевые слова семейные праздники
a Ключевые слова Солнечная система
a Ключевые слова стерильное нейтрино
a Ключевые слова философия приема пищи
a Ключевые слова чайная церемония
a Ключевые слова экзопланеты
a Ключевые слова Эль-Ниньо (явления)
a Ключевые слова Япония
773 18 w Контрольный № источника RU/IS/BASE/412873501
901 t Тип документа s
952 a Тип литературы для КСУ ВШ НЖ
991 s 6